00644nam a2200169 a 450000500170000000800410001705000170005810000230007524500420009826000410014052001240018165000100030565000120031565000110032799900190033895201170035720140414132111.0110513s19uu xx 00 eng d aTRbD85 2007 aUrbanovic, Jackie. aDuck at the door /cJackie Urbanovic. aNew York, NY :bScholastic ,cc2007. aWhen Max the duck decides to stay behind when his flock flies south, Irene invites him to stay with her for the winter. aDucks aAnimals aWinter c114755d114755 00104050aMUbMUcTRd2011-05-13eBkRewardg165.00l0oTR D85 2007pM6649r2014-04-14 00:00:00w2014-04-14yBK